[Event "Seville City-ch Rapid"]
[Site "Seville"]
[Date "2023.02.28"]
[Round "6"]
[White "Rodriguez Pereira, Enrique"]
[Black "Huete Cobos, Jesus"]
[Result "1-0"]
[WhiteElo "2068"]
[BlackElo "1956"]
[PlyCount "135"]
[EventDate "2023.02.28"]
[EventType "swiss (rapid)"]
[EventRounds "7"]
[EventCountry "ESP"]
[SourceTitle "CBM 213 Extra"]
[Source "ChessBase"]
[SourceDate "2023.05.31"]
[SourceVersion "1"]
[SourceVersionDate "2023.05.31"]
[SourceQuality "1"]

1. e4 c5 2. Nf3 Nc6 3. Bb5 e5 4. 0-0 Bd6 5. d4 Nxd4 6. Bc4 Ne7 7. Ng5 0-0 8. Qh5 h6 9. Nxf7 Rxf7 10. Qxf7+ Kh8 11. Na3 a6 12. c3 Ndc6 13. Rd1 Bc7 14. Nc2 b5 15. Bd5 Nxd5 16. exd5 Na5 17. d6 Bb6 18. Ne3 Bb7 19. Nd5 Bxd5 20. Rxd5 Nc6 21. Be3 c4 22. Bxb6 Qxb6 23. Rad1 Rd8 24. a3 Qa7 25. h4 Qb6 26. h5 Qa7 27. Re1 Qa8 28. Rd2 Qc8 29. Re3 Rf8 30. Qd5 Rf6 31. Rg3 Qf8 32. Rf3 Qd8 33. Qe4 Qf8 34. Rxf6 Qxf6 35. Qg6 Qf4 36. Re2 Qc1+ 37. Kh2 Qf4+ 38. Qg3 Qf5 39. Qf3 Qg5 40. g3 Kg8 41. Qd5+ Kh8 42. Qf7 Qg4 43. Re3 Qg5 44. Rf3 Qg4 45. Qf8+ Kh7 46. Qf5+ Qxf5 47. Rxf5 Kg8 48. Kg2 g6 49. hxg6 Kg7 50. g4 Kxg6 51. Kf3 Kg7 52. Ke4 Kg6 53. Kd5 Kg7 54. Kc5 Kg6 55. f3 Nb8 56. Kb6 Kg7 57. Rxe5 Kf6 58. Re7 Kg5 59. Rf7 Kg6 60. Rf8 Nc6 61. Kxa6 Ne5 62. Kxb5 Nd3 63. Kxc4 Nxb2+ 64. Kb5 Nd3 65. a4 Kg5 66. a5 Ne5 67. Rf5+ Kg6 68. Rxe5 1-0

[Event "Seville City-ch Blitz"]
[Site "Seville"]
[Date "2023.02.28"]
[Round "6"]
[White "Rodriguez Pereira, Enrique"]
[Black "Linan Molina, Daniel"]
[Result "1-0"]
[WhiteElo "2068"]
[BlackElo "2088"]
[PlyCount "88"]
[EventDate "2023.02.28"]
[EventType "swiss (blitz)"]
[EventRounds "10"]
[EventCountry "ESP"]
[SourceTitle "CBM 213 Extra"]
[Source "ChessBase"]
[SourceDate "2023.05.31"]
[SourceVersion "1"]
[SourceVersionDate "2023.05.31"]
[SourceQuality "1"]

1. a3 a6 2. e4 c6 3. d4 d5 4. e5 Bf5 5. Nd2 e6 6. Nb3 Nd7 7. Be3 Qc7 8. Nf3 c5 9. dxc5 Nxc5 10. Nbd4 Ne7 11. Be2 Bg6 12. 0-0 Nf5 13. Nxf5 Bxf5 14. Nd4 Be4 15. f3 Bg6 16. f4 Be7 17. Bf3 0-0 18. Qe2 Be4 19. Bxe4 Nxe4 20. Rac1 Rac8 21. Rf3 Bc5 22. Rh3 g6 23. g4 Qb6 24. c3 Rfe8 25. Rf1 a5 26. Kh1 a4 27. Qg2 Qc7 28. Qe2 Qe7 29. Qe1 Ra8 30. g5 Qf8 31. Qh4 Qg7 32. Nc2 Be7 33. Bd4 Rec8 34. Ne3 h5 35. gxh6 Bxh4 36. hxg7 Be7 37. Ng4 Kxg7 38. Rg1 Rh8 39. Rxh8 Rxh8 40. Ne3 Nf2+ 41. Kg2 Nd3 42. Rb1 Nxf4+ 43. Kf3 Nh3 44. Kg3 Rh4 1-0

[Event "ESP-ch U18 Rapid"]
[Site "Salobrena"]
[Date "2022.08.07"]
[Round "9"]
[White "Habans Aguerrea, Javier"]
[Black "Rodriguez Pereira, Enrique"]
[Result "1-0"]
[WhiteElo "1768"]
[BlackElo "1887"]
[PlyCount "131"]
[EventDate "2022.08.06"]
[EventType "swiss (rapid)"]
[EventRounds "9"]
[EventCountry "ESP"]
[SourceTitle "EXT 2023"]
[Source "ChessBase"]
[SourceDate "2022.10.05"]
[SourceVersion "1"]
[SourceVersionDate "2022.10.05"]
[SourceQuality "1"]

1. d4 d5 2. c4 dxc4 3. e3 Nf6 4. Bxc4 e6 5. Nf3 c5 6. 0-0 Nc6 7. b3 cxd4 8. exd4 Be7 9. Nc3 0-0 10. Bb2 Nb4 11. Ne5 Nbd5 12. Qf3 Bb4 13. Nxd5 Nxd5 14. Rad1 a6 15. Bd3 Qf6 16. Be4 Qxf3 17. Bxf3 Bd6 18. Nc4 Bc7 19. Ba3 Rd8 20. Rc1 b5 21. Ne3 Bb6 22. Nxd5 exd5 23. Bc5 Bxc5 24. Rxc5 Be6 25. Rfc1 Kf8 26. Kf1 Ke7 27. Ke2 Ra7 28. Kd3 Kd6 29. Rc6+ Kd7 30. R1c5 Ke7 31. Kc3 a5 32. Kd2 b4 33. Rb6 a4 34. Rxb4 axb3 35. axb3 Ra2+ 36. Ke3 g5 37. Rbb5 Rb2 38. Bxd5 Bxd5 39. Rxd5 Rxd5 40. Rxd5 Rxb3+ 41. Ke4 Rb2 42. Rf5 f6 43. g3 Re2+ 44. Kf3 Rd2 45. Ke3 Rd1 46. Ra5 Rh1 47. Ra7+ Ke6 48. Rxh7 Re1+ 49. Kd2 Ra1 50. h4 gxh4 51. Rxh4 Ra2+ 52. Ke3 Ra3+ 53. Ke4 Ra4 54. Rf4 Rb4 55. Rf3 Rb2 56. d5+ Ke7 57. Kf5 Rd2 58. Kg6 Rxd5 59. Re3+ Kf8 60. Kxf6 Rd6+ 61. Kf5 Rd2 62. f4 Ra2 63. g4 Ra6 64. g5 Rb6 65. Re6 Rb5+ 66. Kf6 1-0

[Event "ESP-ch U18 Rapid"]
[Site "Salobrena"]
[Date "2022.08.07"]
[Round "6"]
[White "Rodriguez Pereira, Enrique"]
[Black "Diaz Mino, Daniel"]
[Result "1/2-1/2"]
[WhiteElo "1887"]
[BlackElo "1708"]
[PlyCount "121"]
[EventDate "2022.08.06"]
[EventType "swiss (rapid)"]
[EventRounds "9"]
[EventCountry "ESP"]
[SourceTitle "EXT 2023"]
[Source "ChessBase"]
[SourceDate "2022.10.05"]
[SourceVersion "1"]
[SourceVersionDate "2022.10.05"]
[SourceQuality "1"]

1. e4 c5 2. Nf3 d6 3. Bb5+ Nd7 4. Ba4 Ngf6 5. 0-0 g6 6. d3 Bg7 7. c4 0-0 8. Nc3 a6 9. h3 Rb8 10. Rb1 Ne8 11. Bd2 Nc7 12. Bxd7 Bxd7 13. Qc1 Re8 14. Re1 Ne6 15. a3 b5 16. cxb5 axb5 17. b4 Bc6 18. Nd5 Nd4 19. Nxd4 Bxd5 20. exd5 Bxd4 21. Bc3 Bxc3 22. Qxc3 Rc8 23. Qb3 c4 24. dxc4 Rxc4 25. a4 Qa8 26. axb5 Qxd5 27. Rbd1 Qxb5 28. Rxd6 Rxb4 29. Qe3 Rb1 30. Rdd1 Rxd1 31. Rxd1 e6 32. Qd4 Qb3 33. Rc1 h6 34. Qf6 Rf8 35. Qf4 Kh7 36. Qf6 Qb8 37. Rd1 Kg8 38. Qh4 Kg7 39. Re1 Qd6 40. Qc4 Rd8 41. Qc3+ Kg8 42. Qf6 Rf8 43. Ra1 Qd8 44. Qf4 Kg7 45. Ra7 Qd5 46. Qc7 Qf5 47. Qc3+ Kg8 48. Qc7 e5 49. Ra5 Qb1+ 50. Kh2 e4 51. Qf4 Kg7 52. Qe5+ Kh7 53. Rb5 Qd3 54. Rb7 Kg8 55. Re7 Qd2 56. Qg3 Qd5 57. Qf4 Qa2 58. Rxe4 Kh7 59. Re7 Qd5 60. Qf6 Kg8 61. Qf4 1/2-1/2

[Event "Andalusia-ch U18"]
[Site "Salobrena"]
[Date "2022.07.02"]
[Round "4"]
[White "Serrano Almendros, Alejandro"]
[Black "Rodriguez Pereira, Enrique"]
[Result "1-0"]
[WhiteElo "2179"]
[BlackElo "2039"]
[PlyCount "93"]
[EventDate "2022.06.30"]
[EventType "swiss"]
[EventRounds "6"]
[EventCountry "ESP"]
[SourceTitle "EXT 2023"]
[Source "ChessBase"]
[SourceDate "2022.10.05"]
[SourceVersion "1"]
[SourceVersionDate "2022.10.05"]
[SourceQuality "1"]

1. a3 c5 2. e3 d5 3. Nf3 Nc6 4. Bb5 a6 5. Bxc6+ bxc6 6. b3 Nf6 7. Bb2 Bf5 8. 0-0 e6 9. d3 Bd6 10. Nbd2 0-0 11. Re1 Bg4 12. e4 Bf4 13. Qe2 Qc7 14. Nf1 Nd7 15. h3 Bxf3 16. Qxf3 Rfc8 17. Qh5 g6 18. Qh4 Be5 19. Bxe5 Nxe5 20. Ne3 h5 21. f4 Nd7 22. e5 Qd8 23. Qf2 Qe7 24. g4 hxg4 25. hxg4 Kg7 26. g5 Nxe5 27. fxe5 Qxg5+ 28. Ng2 Rh8 29. Rf1 Qf5 30. Qxf5 exf5 31. b4 Rab8 32. bxc5 Rb2 33. Rf2 Re8 34. d4 f6 35. Re1 fxe5 36. Rxe5 Rb1+ 37. Rf1 Rxf1+ 38. Kxf1 Rxe5 39. dxe5 Kf7 40. Nf4 d4 41. Ne2 Ke6 42. Nxd4+ Kxe5 43. Nxc6+ Kd5 44. Nb4+ Kxc5 45. Nxa6+ Kb5 46. Nb8 Ka4 47. c4 1-0

[Event "ESP-ch 86th"]
[Site "Linares"]
[Date "2021.08.16"]
[Round "1"]
[White "Tejedor Fuente, Enrique"]
[Black "Rodriguez Pereira, Enrique"]
[Result "1-0"]
[WhiteElo "2434"]
[BlackElo "2011"]
[PlyCount "121"]
[EventDate "2021.08.16"]
[EventType "swiss"]
[EventRounds "9"]
[EventCountry "ESP"]
[SourceTitle "CBM 204 Extra"]
[Source "ChessBase"]
[SourceDate "2021.11.30"]
[SourceVersion "1"]
[SourceVersionDate "2021.11.30"]
[SourceQuality "1"]

1. e4 c5 2. Nc3 Nc6 3. g3 g6 4. Bg2 Bg7 5. d3 d6 6. f4 Nf6 7. Nf3 Bg4 8. h3 Bxf3 9. Qxf3 Rb8 10. 0-0 0-0 11. Qd1 Nd7 12. Kh2 Nd4 13. Be3 b5 14. a3 a5 15. Nb1 b4 16. axb4 axb4 17. c3 bxc3 18. bxc3 Nc6 19. Qa4 Qc7 20. Rc1 Rb7 21. Ra2 Ra7 22. Qc2 Rxa2 23. Qxa2 Rb8 24. Nd2 Na5 25. Bf3 e6 26. Rc2 Qb6 27. Qa4 Qb5 28. Qxb5 Rxb5 29. Bd1 Nb8 30. d4 cxd4 31. cxd4 Bf6 32. e5 Be7 33. Rc7 Rb7 34. Rc8+ Kg7 35. exd6 Bxd6 36. Ne4 Be7 37. h4 Nd7 38. h5 Nf6 39. Nxf6 Bxf6 40. g4 gxh5 41. g5 Be7 42. d5 Rb2+ 43. Bc2 Nb3 44. dxe6 fxe6 45. Kg3 e5 46. f5 Bd6 47. f6+ Kf7 48. Bxh7 Nd4 49. Be4 Re2 50. Bd5+ Kg6 51. Be4+ Kf7 52. Rc3 Bc5 53. Bxd4 exd4 54. Bd5+ Kg6 55. Rxc5 Re3+ 56. Kf4 Re1 57. Be4+ Kf7 58. Ke5 d3 59. g6+ Ke8 60. Kd6 Kd8 61. Bf5 1-0

[Event "ESP-ch U16"]
[Site "Salobrena"]
[Date "2021.07.22"]
[Round "6"]
[White "Rodriguez Pereira, Enrique"]
[Black "Alvarez Etxarri, Aimar"]
[Result "0-1"]
[WhiteElo "1988"]
[BlackElo "1806"]
[PlyCount "106"]
[EventDate "2021.07.19"]
[EventType "swiss"]
[EventRounds "9"]
[EventCountry "ESP"]
[SourceTitle "EXT 2022"]
[Source "ChessBase"]
[SourceDate "2021.10.06"]
[SourceVersion "1"]
[SourceVersionDate "2021.10.06"]
[SourceQuality "1"]

1. e4 c5 2. Nf3 d6 3. Bb5+ Bd7 4. Bxd7+ Nxd7 5. c3 Ngf6 6. Qe2 Rc8 7. 0-0 e6 8. d4 cxd4 9. cxd4 Be7 10. Nc3 0-0 11. Bf4 Nb6 12. Rac1 a6 13. Rfd1 Re8 14. b3 d5 15. e5 Nfd7 16. Rd3 Ba3 17. Rc2 Nf8 18. h4 Rc6 19. Nb1 Rxc2 20. Qxc2 Bb4 21. g3 Qd7 22. Rd1 Rc8 23. Qb2 Ng6 24. Be3 Rc6 25. Rc1 h5 26. Rxc6 Qxc6 27. Qc1 Qxc1+ 28. Bxc1 f6 29. exf6 gxf6 30. Kf1 Kf7 31. Bb2 Ke7 32. Ke2 Nd7 33. Nbd2 Nb8 34. Nf1 Nc6 35. Ne3 b5 36. Nc2 Bd6 37. Bc3 Kf7 38. Nfe1 Nge7 39. Nd3 Nf5 40. Nde1 e5 41. Nf3 Bc7 42. Bb2 e4 43. Nh2 Bb6 44. Ne3 Ncxd4+ 45. Kd2 Nxe3 46. fxe3 Nf5 47. g4 Bxe3+ 48. Ke2 Bf4 49. Nf1 hxg4 50. Kf2 Nxh4 51. a4 g3+ 52. Kg1 g2 53. Nh2 Be3# 0-1

[Event "Andalusia-ch Rapid"]
[Site "Dos Hermanas"]
[Date "2021.06.12"]
[Round "8"]
[White "Rodriguez Pereira, Enrique"]
[Black "Sanchez Jimenez, Juan Carlos"]
[Result "1/2-1/2"]
[WhiteElo "1981"]
[BlackElo "2223"]
[PlyCount "49"]
[EventDate "2021.06.12"]
[EventType "swiss (rapid)"]
[EventRounds "8"]
[EventCountry "ESP"]
[SourceTitle "CBM 203 Extra"]
[Source "ChessBase"]
[SourceDate "2021.09.30"]
[SourceVersion "1"]
[SourceVersionDate "2021.09.30"]
[SourceQuality "1"]

1. e4 e6 2. d4 d5 3. Nd2 Nf6 4. e5 Nfd7 5. Bd3 c5 6. c3 Nc6 7. Ne2 cxd4 8. cxd4 Qb6 9. Nf3 f6 10. exf6 Nxf6 11. 0-0 Bd6 12. Bf4 Bxf4 13. Nxf4 Qxb2 14. Re1 0-0 15. Re2 Qa3 16. Nxe6 Bxe6 17. Rxe6 Rae8 18. Qe2 Nd8 19. Rxe8 Rxe8 20. Qc2 Nc6 21. Bb5 Rc8 22. Qf5 Re8 23. Qc2 Rc8 24. Qf5 Re8 25. Qc2 1/2-1/2

[Event "Dos Hermanas rapid 31st"]
[Site "Dos Hermanas"]
[Date "2019.05.25"]
[Round "4"]
[White "Rodriguez Pereira, Enrique"]
[Black "Merario Alarcon, Andres"]
[Result "1/2-1/2"]
[WhiteElo "1801"]
[BlackElo "2400"]
[PlyCount "126"]
[EventDate "2019.05.25"]
[EventType "swiss (rapid)"]
[EventRounds "8"]
[EventCountry "ESP"]
[SourceTitle "CBM 190 Extra"]
[Source "ChessBase"]
[SourceDate "2019.07.15"]
[SourceVersion "1"]
[SourceVersionDate "2019.07.15"]
[SourceQuality "1"]

1. e4 b6 2. d4 Bb7 3. Bd3 Nf6 4. Nc3 e6 5. Nf3 Bb4 6. Qe2 d5 7. e5 Ne4 8. Bd2 Nxd2 9. Qxd2 Be7 10. 0-0 c5 11. Bb5+ Nc6 12. Rfe1 0-0 13. Bf1 Rc8 14. Ne2 b5 15. c3 a5 16. a3 Qb6 17. Rad1 b4 18. axb4 axb4 19. dxc5 Bxc5 20. Ned4 Be7 21. Nxc6 Bxc6 22. Nd4 Bd7 23. Bd3 bxc3 24. bxc3 Qa5 25. Rc1 Rc7 26. Red1 Rfc8 27. Ne2 d4 28. c4 Qxe5 29. Nxd4 Bg5 30. Nf3 Bxd2 31. Nxe5 Bxc1 32. Rxc1 Be8 33. Kf1 f6 34. Nf3 e5 35. Nd2 Rd8 36. Ke2 Rcd7 37. Rc3 Bg6 38. Ne4 f5 39. Nc5 Re7 40. f3 e4 41. fxe4 fxe4 42. Bb1 e3 43. Bxg6 Rd2+ 44. Ke1 Rxg2 45. Be4 Rg5 46. Bd5+ Kh8 47. Ra3 h5 48. Ne6 Re5 49. Nf4 Kh7 50. Ke2 g5 51. Ne6 R5xe6 52. Bxe6 Rxe6 53. c5 Kg6 54. Rc3 Kf5 55. c6 Re8 56. c7 Rc8 57. Kxe3 g4 58. Rc5+ Ke6 59. Kf4 Kd6 60. Rc1 Rxc7 61. Rxc7 Kxc7 62. Kg5 Kd8 63. Kxh5 Ke7 1/2-1/2

[Event "Andalucia-chB"]
[Site "Algeciras"]
[Date "2018.05.19"]
[Round "2"]
[White "Rodriguez Pereira, Enrique"]
[Black "Tosun Martinez, Enrique"]
[Result "1-0"]
[WhiteElo "1646"]
[BlackElo "1311"]
[PlyCount "77"]
[EventDate "2018.05.18"]
[EventType "swiss"]
[EventRounds "6"]
[EventCountry "ESP"]
[SourceTitle "EXT 2020"]
[Source "ChessBase"]
[SourceDate "2019.10.17"]
[SourceVersion "1"]
[SourceVersionDate "2019.10.17"]
[SourceQuality "1"]

1. e4 c5 2. Nf3 d6 3. Bb5+ Nd7 4. 0-0 a6 5. Bd3 Ngf6 6. c3 b5 7. Re1 Bb7 8. Bc2 e6 9. d3 Be7 10. Nbd2 0-0 11. Nf1 Qc7 12. Bd2 Rfc8 13. Ne3 a5 14. Rc1 b4 15. cxb4 axb4 16. Bb3 Ba6 17. Bxb4 Qb6 18. Bc3 Bb5 19. Nc4 Qa6 20. e5 Ne8 21. exd6 Bxd6 22. Nxd6 Qxd6 23. Re3 Ndf6 24. Be5 Qd7 25. Ng5 h6 26. Nxe6 fxe6 27. Bxf6 c4 28. dxc4 Nxf6 29. cxb5 Rxc1 30. Qxc1 Qxb5 31. Rxe6 Kh8 32. Rxf6 Qh5 33. Rc6 Rf8 34. Rc8 Qf5 35. Rxf8+ Qxf8 36. Qc4 Qe8 37. Qg8+ Qxg8 38. Bxg8 Kxg8 39. a4 1-0

[Event "Andalucia-chB"]
[Site "Algeciras"]
[Date "2018.05.18"]
[Round "1"]
[White "Rodriguez Ales, Daniel Jesus"]
[Black "Rodriguez Pereira, Enrique"]
[Result "0-1"]
[WhiteElo "1383"]
[BlackElo "1646"]
[PlyCount "53"]
[EventDate "2018.05.18"]
[EventType "swiss"]
[EventRounds "6"]
[EventCountry "ESP"]
[SourceTitle "EXT 2020"]
[Source "ChessBase"]
[SourceDate "2019.10.17"]
[SourceVersion "1"]
[SourceVersionDate "2019.10.17"]
[SourceQuality "1"]

1. f4 c5 2. Nf3 Nc6 3. e3 g6 4. Nc3 Bg7 5. b3 Nf6 6. Bb2 0-0 7. Bb5 a6 8. Bxc6 dxc6 9. 0-0 Nd5 10. Na4 Bxb2 11. Nxb2 Qc7 12. Nd3 Rd8 13. c4 Bf5 14. Qe2 Nc3 15. Qf2 Bxd3 16. Rfc1 Ne2+ 17. Kh1 Nxc1 18. Rxc1 f6 19. g4 Be4 20. Rg1 Bxf3+ 21. Qxf3 Rxd2 22. Qh3 Rad8 23. Rg3 Rxa2 24. Rg1 Rdd2 25. Rf1 Rxh2+ 26. Qxh2 Rxh2+ 27. Kxh2 0-1